00280nam a2200109Ia 4500008004000000082001300040100001600053245002900069260005100098300001000149650001100159210210b1987 xxu||||| |||| 00| 0 eng d a413 MANE aMANNER (A). aEnglish-tulu dictionary. aNew Delhi.bAsian Educational Services.,c1987 av,653 aTulu